000 00660nam a2200181 i 4500
001 21401
003 ES-MaACL
005 20230906152454.0
007 t|
008 021125s1911 sp ||||1| spa d
100 1 _aAlbó y Martí, Ramón.
_919405
245 1 0 _aProtección a la infancia y represión de la mendicidad
_b: ponencia presentada a la Junta Provincial de Barcelona /
_cpor los vocales, Ramón Albó Marti y Francisco Puig y Alfonso.
260 _aBarcelona :
_b[s.n.,
_c1911]
300 _a44 p. ;
_c24 cm.
650 4 _aProtección de menores-
_zEspaña.
_9153120
700 1 _aPuig y Alfonso, Francisco.
_994285
852 _aES-MaACL
_jT-1245-F-3
999 _c21401
_d21401